Nghiên cứu tổng hợp màng PbO2 trên nền thép không rỉ bằng phương pháp điện hóa và ứng dụng làm điện cực Anôt trơ trong xử lí thuộc nhuộm hữu cơ

Tổng quan lý thuyết. Vật liệu và các phương pháp nghiên cứu. Kết quả và thảo luận

Shranjeno v:
Bibliografske podrobnosti
Glavni avtor: Nguyễn Quí Sửu
Drugi avtorji: Lê Tự Hải PGS.TS (Hướng dẫn)
Format: Knjiga
Jezik:Vietnamese
Izdano: Đà Nẵng Đại học Đà Nẵng 2011
Teme:
Oznake: Označite
Brez oznak, prvi označite!
Thư viện lưu trữ: Mạng thư viện Đại học Đà Nẵng
LEADER 01574nam a2200361 4500
001 000010505
003 6710
005 20111214101237.0
008 111214s2011 viesd
041 |a vie 
072 |a Luận văn Thạc sĩ khoa học 
082 |a 667.29  |b NG-S 
100 1 |a Nguyễn Quí Sửu 
245 1 |a Nghiên cứu tổng hợp màng PbO2 trên nền thép không rỉ bằng phương pháp điện hóa và ứng dụng làm điện cực Anôt trơ trong xử lí thuộc nhuộm hữu cơ  |c Nguyễn Quí Sửu 
260 |a Đà Nẵng  |b Đại học Đà Nẵng  |c 2011 
300 |a 82 tr  |c 29 cm  |e 1 tóm tắt, 1 đĩa CD 
500 |a Luận văn Thạc sĩ Khoa học. Chuyên ngành: Hóa hữu cơ. Mã số: 60.44.27 
520 |a Tổng quan lý thuyết. Vật liệu và các phương pháp nghiên cứu. Kết quả và thảo luận 
653 |a Tổng quan về điện cực 
653 |a Luận văn Thạc sĩ Hóa hữu cơ 
653 |a Cấu tạo điện cực 
653 |a Hóa học 
700 1 |a Lê Tự Hải  |c PGS.TS  |e Hướng dẫn 
OWN |a LSP 
AVA |a UDN50  |b LSP  |d 667.29 NG-S  |e available  |t Error 5001 Not defined in file expand_doc_bib_avail.  |f 1  |g 0  |h N  |i 0  |k 1 
999 |a From the UDN01 
AVA |a UDN50  |b LSP  |d 667.29 NG-S  |e available  |t Error 5001 Not defined in file expand_doc_bib_avail.  |f 1  |g 0  |h N  |i 0  |k 1 
TYP |a Monograph 
TYP |a Printed language 
980 |a Mạng thư viện Đại học Đà Nẵng